000 00566nam a2200169 a 4500
005 20250109063812.0
008 991125s1970 fr 000 0 eng u
035 _aUPN01000000944
049 _aCG
050 4 _aLB2822.5
_bS44
111 2 _aSeminar Held at the International Institute for Educational Planning
_d(1969 :
_cParis)
245 1 0 _aAdministrative asppects of educational planning.
260 _aParis :
_bInternational Institute for Educational Planning :
_bUNESCO,
_c1970.
300 _a223 p.
650 4 _aEducación
_xAdministración
_9685
905 _aLibro
999 _c944
_d944